[Event "GER Seniors Derby 07th"]
[Site "Wesel Undeloh"]
[Date "2008.03.28"]
[Round "3.11"]
[White "Neye, Wilfried"]
[Black "Hoedtke, Joern"]
[Result "0-1"]
[WhiteElo "1425"]
[BlackElo "1714"]
[PlyCount "70"]
[EventDate "2008.03.27"]
[EventType "swiss"]
[EventRounds "7"]
[EventCountry "GER"]
[SourceTitle "EXT 2022"]
[Source "ChessBase"]
[SourceDate "2021.10.06"]
[SourceVersion "1"]
[SourceVersionDate "2021.10.06"]
[SourceQuality "1"]

1. c4 Nf6 2. Nc3 e5 3. g3 Bc5 4. Bg2 0-0 5. e3 c6 6. Nge2 d5 7. cxd5 cxd5 8. 0-0 Nc6 9. a3 a5 10. Qc2 d4 11. Na4 Ba7 12. Nc5 Qe7 13. Nd3 e4 14. Ndf4 d3 15. Nxd3 exd3 16. Qxd3 Bg4 17. Nf4 Ne5 18. Nd5 Qd6 19. Nxf6+ Qxf6 20. Qe4 Be2 21. Qxb7 Bxf1 22. Kxf1 Ng4 23. f4 Bb6 24. Kg1 Rab8 25. Qf3 Nh6 26. d4 Rbd8 27. b4 Rxd4 28. Bb2 Rfd8 29. bxa5 Ba7 30. Re1 Qe6 31. Bxd4 Bxd4 32. Kf2 Ng4+ 33. Ke2 Qc4+ 34. Kd1 Bxe3+ 35. Qd5 Nf2# 0-1